Sans coeur et sans reproche: Nouvelles

Kaydedildi:
Detaylı Bibliyografya
Yazar: Proulx, Monique
Materyal Türü: Kitap
Dil:Undetermined
Baskı/Yayın Bilgisi: Quebec, Canadá Editions Quebec 1983
Konular:
Etiketler: Etiketle
Etiket eklenmemiş, İlk siz ekleyin!

MARC

LEADER 00000nam a2200000Ia 4500
008 170316s9999 xx 000 0 und d
040 |a cru BVZT 
090 |a 818 P-8s 
100 |a Proulx, Monique 
245 |a Sans coeur et sans reproche: Nouvelles 
260 |a Quebec, Canadá 
260 |b Editions Quebec 
260 |c 1983 
300 |a 247 páginas 
650 |a LITERATURA CANADIENSE 
999 |c 6622  |d 6622 
942 |c 15 D  |h 818 P-8s  |2 z